000 00585nam a2200169 i 4500
001 93272
003 ES-MaACL
005 20230906181148.0
007 t|
008 050408s1917 sp ||||1| spa d
100 1 _aLópez, Joaquín Lorenzo.
_973337
245 1 0 _aMemoria de las aguas termales minero-medicinales de Alhama de Murcia /
_cJoaquín Lorenzo López.
260 _aTotana [Murcia] :
_b[s.n.],
_c1917 (
_fTip. de J. Navarro)
650 4 _aAguas minerales-
_zMurcia.
_9135527
650 4 _aFuentes termales-
_zMurcia (Comunidad Autónoma)
_9172338
852 _aES-MaACL
_j1519-F-7
999 _c93272
_d93272